Europe - Guess the Flags by Minecraft Banners - Statistics

General Stats
  • This quiz has been taken 15 times
  • The average score is 40 of 45
Answer Stats
Picture Answer % Correct
Belgium
100%
France
100%
Germany
100%
Switzerland
100%
Ukraine
100%
Czechia
92%
Denmark
92%
Estonia
92%
Finland
92%
Iceland
92%
Ireland
92%
Italy
92%
Luxembourg
92%
Monaco
92%
Netherlands
92%
Norway
92%
Poland
92%
Portugal
92%
Russia
92%
Slovakia
92%
Spain
92%
Sweden
92%
United Kingdom
92%
Vatican City
92%
Albania
85%
Andorra
85%
Austria
85%
Belarus
85%
Bosnia and Herzegovina
85%
Bulgaria
85%
Greece
85%
Hungary
85%
Lithuania
85%
Malta
85%
Moldova
85%
North Macedonia
85%
Romania
85%
Slovenia
85%
Kosovo
77%
Latvia
77%
Liechtenstein
77%
Montenegro
77%
Serbia
77%
Croatia
69%
San Marino
69%
No matching quizzes found
Score Distribution
Percent of People with Each Score
Percentile by Number Answered
Your Score History
You have not taken this quiz